000 00677cam a2200217 4500
001 4078108
005 20180215050530.0
008 720906s1973 njua s 000 0 eng
010 _a 72008473
020 _a0131967177
040 _aDLC
_cDLC
_dDLC
041 _aeng
080 _a330 JOH
082 0 0 _a330 JOH
100 1 _a52
101 _aEKO
245 1 4 _aThe daily economist;
_cEdited by Harry G. Johnson and Burton A. Weisbrod.
350 _a$4.95
906 _a7
_bcbc
_corignew
_d1
_eocip
_f19
_gy-gencatlg
942 _2ddc
_cBK
999 _c42626
_d42626